100 bài luận mẫu Anh ngữ = English - Essays
Sách gồm 100 bài luận mẫu tiếng Anh đa dạng về thể loại như mô tả, báo cáo,bài thảo luận, kể chuyện và thư từ. Ngoài ra sách ra còn có thêm phần dịch của các bài luận nhằm giúp bạn đọc dễ hiểu hơn và nâng cao kết quả trong các kỳ thi sa...
Đã lưu trong:
| 格式: | 圖書 |
|---|---|
| 語言: | Undetermined |
| 出版: |
Hà Nội
Thanh niên
2009
|
| 主題: | |
| 標簽: |
添加標簽
沒有標簽, 成為第一個標記此記錄!
|
| Thư viện lưu trữ: | Trung tâm Học liệu Trường Đại học Cần Thơ |
|---|
| LEADER | 00998nam a2200217Ia 4500 | ||
|---|---|---|---|
| 001 | CTU_159229 | ||
| 008 | 210402s9999 xx 000 0 und d | ||
| 020 | |c 25000 | ||
| 082 | |a 428.2 | ||
| 082 | |b M458 | ||
| 245 | 0 | |a 100 bài luận mẫu Anh ngữ = | |
| 245 | 0 | |b English - Essays | |
| 245 | 0 | |c Phạm Cao Hoàn (Dịch và chú giải) | |
| 260 | |a Hà Nội | ||
| 260 | |b Thanh niên | ||
| 260 | |c 2009 | ||
| 520 | |a Sách gồm 100 bài luận mẫu tiếng Anh đa dạng về thể loại như mô tả, báo cáo,bài thảo luận, kể chuyện và thư từ. Ngoài ra sách ra còn có thêm phần dịch của các bài luận nhằm giúp bạn đọc dễ hiểu hơn và nâng cao kết quả trong các kỳ thi sát hạch tiếng Anh. | ||
| 650 | |a English language | ||
| 650 | |x Writing | ||
| 904 | |i Ánh Vân (Bé Ba), Bạch Trúc | ||
| 980 | |a Trung tâm Học liệu Trường Đại học Cần Thơ | ||